Kunst : Anspruch und Gegenstand (Record no. 1976)

MARC details
000 -CABECERA
campo de control de longitud fija 00842nam a2200205 a 4500
001 - NÚMERO DE CONTROL
campo de control BRCA_2224
005 - FECHA Y HORA DE LA ÚLTIMA TRANSACCIÓN
campo de control 20190320203724.0
008 - DATOS DE LONGITUD FIJA--INFORMACIÓN GENERAL
campo de control de longitud fija 920428s1991 au-a---##b---#001-0#ger-#
020 ## - NÚMERO INTERNACIONAL ESTÁNDAR DEL LIBRO
Número Internacional Estándar del Libro 3701707227
040 ## - FUENTE DE LA CATALOGACIÓN
Centro catalogador/agencia de origen DLC
Centro/agencia transcriptor DLC
050 #4 - SIGNATURA TOPOGRÁFICA DE LA BIBLIOTECA DEL CONGRESO
Número de clasificación N332
Número de documento/Ítem .K86 1991
245 10 - MENCIÓN DE TÍTULO
Título Kunst : Anspruch und Gegenstand
Resto del título von der Kunstgewerbeschule zur Hochschule für Angewandte Kunst in Wien 1918-1991
Mención de responsabilidad, etc. [Herausgeber, Hochschule für Angewandte Kunst in Wien ; Redaktion, Erika Patka].
260 ## - PUBLICACIÓN, DISTRIBUCIÓN, ETC.
Lugar de publicación, distribución, etc. Wien
Nombre del editor, distribuidor, etc. Residenz Verlag
Fecha de publicación, distribución, etc. c1991
300 ## - DESCRIPCIÓN FÍSICA
Extensión 387 p.
Otras características físicas il. (algunas a color)
Dimensiones 29 cm.
504 ## - NOTA DE BIBLIOGRAFÍA, ETC.
Nota de bibliografía, etc. Incluye referencias bibliográficas e índice alfabético
610 24 - PUNTO DE ACCESO ADICIONAL DE MATERIA--NOMBRE DE ENTIDAD CORPORATIVA
Nombre de entidad corporativa o nombre de jurisdicción como elemento de entrada Hochschule für Angewandte Kunst (Vienna, Austria)
Subdivisión general Historia
9 (RLIN) 6689
700 1# - PUNTO DE ACCESO ADICIONAL--NOMBRE DE PERSONA
Nombre de persona Patka, Erika
9 (RLIN) 6690
710 2# - PUNTO DE ACCESO ADICIONAL--NOMBRE DE ENTIDAD CORPORATIVA
Nombre de entidad corporativa o nombre de jurisdicción como elemento de entrada Hochschule für Angewandte Kunst (Vienna, Austria)
9 (RLIN) 6691
942 ## - ELEMENTOS DE PUNTO DE ACCESO ADICIONAL (KOHA)
Fuente del sistema de clasificación o colocación Library of Congress Classification
Tipo de ítem Koha Libros
Holdings
Estado de retiro Estado de pérdida Estado dañado No para préstamo Localización permanente Ubicación/localización actual Fecha de adquisición Total de préstamos Signatura topográfica completa Código de barras Fecha visto por última vez Precio válido a partir de Tipo de ítem Koha
El ejemplar forma parte de la colección y puede ser consultado según las políticas vigentes.       Biblioteca del Museo Franz Mayer (Rogerio Casas-Alatriste) Biblioteca del Museo Franz Mayer (Rogerio Casas-Alatriste) 14/08/2008   N332 .K86 1991 02273 22/03/2019 22/03/2019 Libros